书目信息 |
| 题名: |
敦煌变文字义通释
|
|
| 作者: | 蒋礼鸿 著 ;颜洽茂 主编 | |
| 分册: | ||
| 出版信息: | 杭州 浙江大学出版社 2016 |
|
| 页数: | 13,10,575页 | |
| 开本: | 21cm | |
| 丛书名: | ||
| 单 册: | ||
| 中图分类: | H134 | |
| 科图分类: | ||
| 主题词: | 敦煌学--dun huang xue--变文--字义--研究 | |
| 电子资源: | ||
| ISBN: | 978-7-308-15115-3 | |
| 000 | 01165nam0 22002651 450 | |
| 001 | 1754472934 | |
| 005 | 20170516112211.0 | |
| 010 | @a978-7-308-15115-3@b精装@dCNY68.00 | |
| 100 | @a20161117d2016 em y0chiy50 ea | |
| 101 | 0 | @achi |
| 102 | @aCN@b330000 | |
| 105 | @ay z 001yy | |
| 106 | @ar | |
| 200 | 1 | @a敦煌变文字义通释@9dun huang bian wen zi yi tong shi@f蒋礼鸿著@g颜洽茂卷主编 |
| 210 | @a杭州@c浙江大学出版社@d2016 | |
| 215 | @a13,10,575页@d21cm | |
| 300 | @a受浙江大学文科高水平学术著作出版基金 中央高校基本科研业务费专项资金资助 | |
| 300 | @a蒋礼鸿全集 | |
| 330 | @a本书是一部考释敦煌变文中词语的专著。本书作者取《敦煌变文集》中此类词语疏通诠释,就所释各词的义类分为6节:①释称谓,②释容体,③释名物,④释事为,⑤释情貌,⑥释虚字。六者之中以第4类词为最多,且极难解释;第6类虚字部分则又牵涉语法。六类范围包括甚广,非综合比较,并联系其他有关材料,如唐五代人的诗词、笔记、小说之类相互证发不可。 | |
| 606 | 0 | @a敦煌学@9dun huang xue@x变文@x字义@x研究 |
| 690 | @aH134@v5 | |
| 701 | 0 | @a蒋礼鸿@9jiang li hong@f(1916~1994)@4著 |
| 702 | 0 | @a颜洽茂@9yan qia mao@f(1951~)@4主编 |
| 801 | 0 | @aCN@b百万庄@c20170512 |
| 905 | @b1005132-7@dH134@e339@f6 | |
| 敦煌变文字义通释/蒋礼鸿著/颜洽茂卷主编.-杭州:浙江大学出版社,2016 |
| 13,10,575页;21cm |
| 受浙江大学文科高水平学术著作出版基金 中央高校基本科研业务费专项资金资助.-蒋礼鸿全集 |
| ISBN 978-7-308-15115-3(精装):CNY68.00 |
| 本书是一部考释敦煌变文中词语的专著。本书作者取《敦煌变文集》中此类词语疏通诠释,就所释各词的义类分为6节:①释称谓,②释容体,③释名物,④释事为,⑤释情貌,⑥释虚字。六者之中以第4类词为最多,且极难解释;第6类虚字部分则又牵涉语法。六类范围包括甚广,非综合比较,并联系其他有关材料,如唐五代人的诗词、笔记、小说之类相互证发不可。 |
| ● |
| 相关链接 |
|
|
|
|
正题名:敦煌变文字义通释
索取号:H134/339
 
预约/预借
| 序号 | 登录号 | 条形码 | 馆藏地/架位号 | 状态 | 备注 |
| 1 | 1005132 | 210051325 | 第二样本阅览室/ [索取号:H134/339] | 在馆 | |
| 2 | 1005133 | 210051334 | 教育系资料室/ [索取号:H134/339] | 在馆 | |
| 3 | 1005134 | 210051343 | 教育系资料室/ [索取号:H134/339] | 在馆 | |
| 4 | 1005135 | 210051352 | 教育系资料室/ [索取号:H134/339] | 在馆 | |
| 5 | 1005136 | 210051361 | 第四借阅区/ [索取号:H134/339] | 在馆 | |
| 6 | 1005137 | 210051370 | 第四借阅区/ [索取号:H134/339] | 在馆 |